| 000 | 01722nam a22002297a 4500 | ||
|---|---|---|---|
| 001 | 5681 | ||
| 003 | FISKH | ||
| 005 | 20250113115554.0 | ||
| 008 | 250113b cb ||||| |||| 00| 0 eng d | ||
| 020 | _a9780199118809 | ||
| 040 |
_aFISKH _beng _cFISKH _dFISKH |
||
| 082 | _a910.9 | ||
| 100 | _aPipe, Jim | ||
| 245 |
_aGreat explorers : _bDiscovering the world / _cby Jim Pipe |
||
| 250 | _aFirst published 2008 | ||
| 260 |
_aOxford : _bOxford University Press ; _c2008. |
||
| 300 |
_a128 pages : _bcolor illustrations , maps ; _c28 cm . |
||
| 520 | _aJust as the unknown regions of the world seized the imagination of the great explorers, so the exploits of those explorers continue to fascinate readers today. The book captures all the thrill of exploration; its fears, dangers and hardships; encounters with hostile landscapes and peoples, andthe excitement of progress. All areas of the globe are covered and the journeys of explorers both famous and not so famous: Florence Baker in Egypt and Sudan; Mary Kingsley in West Africa; Lewis and Clark across the US; Franklin and Leary at the North Pole and Amundsen and Scott at the South. Thebook is arranged by region, and chronologically within that region. It captures the spirit of each age and explains how explorers, through reaching lands unknown to them, encountered peoples supporting advanced civilizations of their own. The final chapter examines the legacy of a region'sexploration, by explaining its political, economic and other consequences, whether they be the settlement of a continent or the creation of lasting national myths, as in Scott's doomed mission to Antarctica. | ||
| 650 |
_aexplorers _vnon-fiction |
||
| 942 |
_2ddc _cBK _n0 |
||
| 999 |
_c5681 _d5681 |
||